| 000 | 00434nam a2200193Ia 4500 | ||
|---|---|---|---|
| 005 | 20250603144656.0 | ||
| 008 | 250603s9999 xx 000 0 und d | ||
| 020 | _a9780073534336 | ||
| 050 | _aP 95 .H93/ | ||
| 100 | _aHybels, Saundra | ||
| 245 | 0 | _aCommunicating effectively | |
| 250 | _a10th ed. | ||
| 260 | _aNew York | ||
| 260 | _bMacGraw-Hill | ||
| 260 | _c2012 | ||
| 300 | _a442 p | ||
| 650 | _aNew York | ||
| 942 | _cBK | ||
| 999 |
_c39622 _d39622 |
||